[Event "Chigorin Memorial 26th"]
[Site "St Petersburg"]
[Date "2018.10.28"]
[Round "2"]
[White "Myshkovskiy, Sviatoslav"]
[Black "Archelkov, Arseniy"]
[Result "1-0"]
[WhiteElo "2046"]
[BlackElo "1657"]
[PlyCount "65"]
[EventDate "2018.10.27"]
[EventType "swiss"]
[EventRounds "9"]
[EventCountry "RUS"]
[SourceTitle "CBM 187 Extra"]
[Source "ChessBase"]
[SourceDate "2018.11.04"]
[SourceVersion "1"]
[SourceVersionDate "2018.11.04"]
[SourceQuality "1"]

1. d4 Nf6 2. c4 e6 3. Nc3 Bb4 4. Nf3 b6 5. Bg5 Bb7 6. Qb3 Qe7 7. e3 Bxc3+ 8. Qxc3 d6 9. Bd3 Nbd7 10. Qc2 c5 11. e4 cxd4 12. Nxd4 0-0 13. 0-0 Rfc8 14. Qe2 Ne5 15. f3 Nxd3 16. Qxd3 Rc5 17. Be3 a6 18. Nc2 Rcc8 19. Bxb6 d5 20. exd5 exd5 21. Rfe1 dxc4 22. Rxe7 cxd3 23. Nb4 Bc6 24. Ba5 Bb5 25. Rd1 Rc4 26. b3 Rd4 27. a4 d2 28. axb5 axb5 29. Nc2 Rc8 30. Nxd4 Rc1 31. Ree1 dxe1R+ 32. Rxe1 Rxe1+ 33. Bxe1 1-0